000 00697nam a2200205Ii 4500
003 JO-AjNU
008 230605s9999||||xx |||||||||||||| ||und||
040 _aJO-AjNU
_bara
_erda
_cJO-AjNU
041 _aara
050 1 4 _aPJ7814.W262.Z37 1973
100 3 _aتأليف عودة، أحمد,
_eauthor
_949340
245 0 0 _aقصص قصيرة: زعتر التل
264 3 1 _aعمان:رابطة الكتاب الأردنيين،1973
300 _a95ص
336 _atext
_btxt
_2rdacontent
337 _aunmediated
_bn
_2rdamedia
338 _avolume
_bnc
_2rdacarrier
490 0 _aمنشورات رابطة الكتاب الأردنيين 11
650 4 _aالأدب العربي - قصص
_949341
999 _aA21665
_c25233
_d25233